000 00556nam a2200181 a 4500
020 _a9698891005 (hb)
082 _a297.125
_bISL
_cL40,P-78
100 1 _aJafri, Isalm Nabi
_937334
245 1 _aModern scientific research :
_bthe Qur'aan hold the keys
260 _aIslamabad :
_bInstant Print System ,
_c2006
300 _a327p.
526 _a0
_b0
_c0
_d297_125000000000000_ISL
526 _a0
_b0
_c0
_d297_125000000000000_ISL
650 _aIslam and Science
_9184
650 _aMCE
_9379
650 _aQuran (Koran) and Science
_937335
942 _2ddc
_cBK
999 _c542227
_d542227